• 首页
  • 本馆介绍
  • 公告通知
  • 最新文献
  • 馆藏检索
  • 电子资源
  • 读者导购
  • 参考咨询
  • 我的图书馆
  • 登录
  • 详细信息显示
  • 放入我的书架
  • 预约/预借图书
  • 作者相关作品
  • 分类相关作品
  • 丛书相关作品
  • 出版社相关作品

书目信息

  • 表格格式
  • 工作单格式
  • 卡片格式
题名:
梦溪笔谈译注
    
 
作者: 王洛印 译注
分册:  
出版信息: 上海   上海三联书店  2018.09
页数: 333页
开本: 21cm
丛书名: 国学经典
单 册:
中图分类: I264.41
科图分类:
主题词: 笔记--bi ji--作品集--中国--北宋 , 文史--wen shi--中国--北宋
电子资源:
ISBN: 978-7-5426-6363-4
000 01016nam 2200289 450
001 2139949797
005 20211130110559.84
010    @a978-7-5426-6363-4@dCNY48.00
100    @a20180816d2018 em y0chiy50 ea
101 0  @achi
102    @aCN@b310000
105    @ay z 000yy
200 1  @a梦溪笔谈译注@Ameng xi bi tan yi zhu@f王洛印译注
205    @a第2版
210    @a上海@c上海三联书店@d2018.09
215    @a333页@d21cm
225 2  @a国学经典@Aguo xue jing dian
330    @a本书是沈括晚年所作笔记文字的结集, 是他一生学问最精华部分的结晶, 包括制度史、财政史、音乐学、天文历算学、医药学、地理地图学、考古学、诗学及书画学、音韵学、文献考证学等方面的内容, 以及一些逸闻轶事、杂记琐谈等。
410  0 @12001 @a国学经典
605    @a梦溪笔谈@Ameng xi bi tan@x译文
606 0  @a笔记@Abi ji@x作品集@y中国@z北宋
606 0  @a文史@Awen shi@y中国@z北宋
690    @aI264.41@v5
701  0 @a王洛印@Awang luo yin@4译注
801  0 @aCN@b人天书店@c20180816
905    @aZUCC@dI264.41@e11
962    @a6492319
    
    梦溪笔谈译注/王洛印译注.-第2版.-上海:上海三联书店,2018.09
    333页;21cm.-(国学经典)
    
    
    ISBN 978-7-5426-6363-4:CNY48.00
    本书是沈括晚年所作笔记文字的结集, 是他一生学问最精华部分的结晶, 包括制度史、财政史、音乐学、天文历算学、医药学、地理地图学、考古学、诗学及书画学、音韵学、文献考证学等方面的内容, 以及一些逸闻轶事、杂记琐谈等。
●
相关链接 在五车中查询图书 在当当中查询图书 在豆瓣中查询图书


正题名:梦溪笔谈译注     索取号:I264.41/11         预约/预借

序号 登录号 条形码 馆藏地/架位号 状态 备注
1 2000891420   2000891420   思政阅览室/思1架B面1层5列/ [索取号:I264.41/11] 在馆    
山东省滨州职业学院图书馆 欢迎您!
大连网信软件有限公司© 版权所有